000 00539nam a22001937a 4500
005 20220307151530.0
008 220307b |||||||| |||| 00| 0 eng d
020 _a9789381235829
_cRs. 700.00
040 _aLoreto College
041 _aBengali
082 _a891.44
_bMUK
245 _aSailen Ghosh Rachanasangraha
_cedited by Argha Mukhopadhyay
260 _aKolkata
_bLalmati Prakashan
_c2018
300 _a784 p.
_b24 cm.
650 _aBengali Literature
700 _4ed.
_aMukhopadhyay, Argha
850 _aLCLIB
942 _cBK
999 _c42941
_d93420